| 000 | 01032nam a2200229 a 4500 | ||
|---|---|---|---|
| 003 | BD-DhJNU | ||
| 005 | 20251021043702.0 | ||
| 008 | 240708s2025 bg |||g |||| 000 1|ben|d | ||
| 020 | _a9789843971029 | ||
| 040 |
_aBD-DhJNU _bben _cBD-DhJNU _dBD-DhJNU |
||
| 041 | _aben | ||
| 082 |
_a915.492 SYH _223 |
||
| 242 | 1 | 0 |
_aSyhlet Metropolis: _bgeographical studies / _cedited by Nazrul Islam and Alak Paul |
| 245 | 1 | 0 |
_aসিলেট মহানগরঃ _bভৌগোলিক সমীক্ষা / _cনজরুল ইসলাম এবং অলক পাল কর্তৃক সম্পাদিত |
| 246 | _aSyhlet mohanagar: bhougolik somikkha | ||
| 260 |
_aঢাকা : _bনগর গবেষণা কেন্দ্র, _c2025. |
||
| 300 |
_a৩৬০ পৃ. : _bচিত্র ; _c২২ সেমি.। |
||
| 650 | _aনগর ভূগোল--Urban geography | ||
| 700 | a |
_aইসলাম, নজরুল _eসম্পাদক |
|
| 700 | a |
_aপাল, অলক _eসম্পাদক |
|
| 942 | _cBK | ||
| 999 |
_c2297 _d2297 |
||